Практические навыки по гинекологии (Запись № 13674171)

Подробности
000 -МАРКЕР
контрольное поле 02503nam0a2200337 4500
001 - ИДЕНТИФИКАТОР ЗАПИСИ
контрольное поле RU\NLR\BIBL_A\022556560
005 - ИДЕНТИФИКАТОР ВЕРСИИ
контрольное поле 20260420045322.0
010 ## - МЕЖДУНАРОДНЫЙ СТАНДАРТНЫЙ НОМЕР КНИГИ (ISBN)
Номер (ISBN) 978-5-9920-0472-4
Тираж 100
021 ## - НОМЕР ГОСУДАРСТВЕННОЙ РЕГИСТРАЦИИ
Код страны Российская Федерация
Номер КН-П-25-021211
Номер Листа государственной регистраци КН-П-25-2149
035 ## - ДРУГИЕ СИСТЕМНЫЕ НОМЕРА
Идентификатор записи (NLR Aleph) 022556560
100 ## - ДАННЫЕ ОБЩЕЙ ОБРАБОТКИ
Данные общей обработки 20250603a2024 u y0rusy50 ca
101 0# - ЯЗЫК РЕСУРСА
Язык текста, звукозаписи и т.д. русский
102 ## - СТРАНА ПУБЛИКАЦИИ ИЛИ ПРОИЗВОДСТВА
Страна публикации Российская Федерация
105 ## - ПОЛЕ КОДИРОВАННЫХ ДАННЫХ: ТЕКСТОВЫЕ МАТЕРИАЛЫ, МОНОГРАФИЧЕСКИЕ
Кодированные данные о монографическом текстовом документе a|||j|||000yy
181 #0 - ПОЛЕ КОДИРОВАННЫХ ДАННЫХ: ВИД СОДЕРЖАНИЯ
Код вида содержания (ISBD) i3
Код характеристики содержания (ISBD) axxe
182 #0 - ПОЛЕ КОДИРОВАННЫХ ДАННЫХ: ТИП СРЕДСТВА
Код типа средства (ISBD) n - непосредственное
200 1# - ЗАГЛАВИЕ И СВЕДЕНИЯ ОБ ОТВЕТСТВЕННОСТИ
Основное заглавие Практические навыки по гинекологии
Сведения, относящиеся к заглавию учебное пособие
-- для студентов медицинских вузов, ординаторов, аспирантов, врачей акушеров-гинекологов, проходящих обучение в системе дополнительного профессионального профессионального образования
Первые сведения об ответственности О. В. Шарапова, Л. И. Герасимова, Д. А. Пономарев
Последующие сведения об ответственности под редакцией проф. О. В. Шараповой
-- Министерство науки и высшего образования Российской Федерации, Федеральное государственное бюджетное образовательное учреждение высшего образования "Российский биотехнологический университет (РОСБИОТЕХ)", Медицинский институт непрерывного образования"
203 ## - ВИД СОДЕРЖАНИЯ И ТИП СРЕДСТВА
Вид содержания Текст
Дополнительные сведения об издании визуальный
Тип средства непосредственный
210 ## - ПУБЛИКАЦИЯ, РАСПРОСТРАНЕНИЕ И ДР.
Место издания, распространения и т.д. Москва
Имя издателя, распространителя и т. д. РОСБИОТЕХ
Дата издания, распространения и т.д. 2024
215 ## - ФИЗИЧЕСКАЯ ХАРАКТЕРИСТИКА
Специфическое обозначение материала и объем 111 с.
Другие сведения о физической характеристике ил.
Размеры 19
320 ## - ПРИМЕЧАНИЯ О НАЛИЧИИ В ДОКУМЕНТЕ БИБЛИОГРАФИИ / УКАЗАТЕЛЯ
Текст примечания Библиогр.: с. 110-111 (14 назв.)
606 1# - НАИМЕНОВАНИЕ ТЕМЫ КАК ПРЕДМЕТ
Наименование темы Гинекология
Формальный подзаголовок Учебные издания
Системный номер авторитетной/нормативной записи 930333
Идентификатор авторитетной/нормативной записи RU\NLR\AUTH\6623884
686 1# - ИНДЕКСЫ ДРУГИХ КЛАССИФИКАЦИЙ
Индекс Р715я7
700 #1 - ИМЯ ЛИЦА - ПЕРВИЧНАЯ ОТВЕТСТВЕННОСТЬ
Начальный элемент ввода Шарапова
Часть имени, кроме начального элемента ввода О. В.
Расширение инициалов личного имени Ольга Викторовна
701 #1 - ИМЯ ЛИЦА - АЛЬТЕРНАТИВНАЯ ОТВЕТСТВЕННОСТЬ
Графика поля Кириллица
Материалы, к которым относится поле rus
Начальный элемент ввода Герасимова
Часть имени, кроме начального элемента ввода Л. И.
Дополнения к именам, кроме дат д-р мед. наук, акушерство и гинекология
Даты 1959-
Расширение инициалов личного имени Людмила Ивановна
Системный номер авторитетной/нормативной записи 21856
Идентификатор авторитетной/нормативной записи RU\NLR\AUTH\7738872
701 #1 - ИМЯ ЛИЦА - АЛЬТЕРНАТИВНАЯ ОТВЕТСТВЕННОСТЬ
Начальный элемент ввода Пономарёв
Часть имени, кроме начального элемента ввода Д. А.
Дополнения к именам, кроме дат акушер-гинеколог
Расширение инициалов личного имени Дмитрий Анатольевич
Системный номер авторитетной/нормативной записи 2673267
Идентификатор авторитетной/нормативной записи RU\NLR\AUTH\770283106
942 ## - ДОПОЛНИТЕЛЬНЫЕ ЭЛЕМЕНТЫ ЗАПИСИ (АБИС)
Тип экземпляра АБИС Книга
980 ## - КОЛЛЕКЦИЯ
Название коллекции Национальная библиография

Нет доступных экземпляров.